Telecommunications and economic development
Αποθηκεύτηκε σε:
| Κύριος συγγραφέας: | |
|---|---|
| Άλλοι συγγραφείς: | , |
| Μορφή: | Βιβλίο |
| Γλώσσα: | English |
| Δημοσίευση: |
Baltimore :
John Hopkins University Press,
c1994.
|
| Έκδοση: | 2η έκδ. |
| Θέματα: | |
| Ετικέτες: |
Προσθήκη ετικέτας
Δεν υπάρχουν, Καταχωρήστε ετικέτα πρώτοι!
|
MARC
| LEADER | 00000cam a2200000 a 4500 | ||
|---|---|---|---|
| 001 | 1/119543 | ||
| 008 | 190711t1994####us | ||| |||| ||eng|| | ||
| 020 | |a 080184665X |q (χαρτόδετο) | ||
| 040 | |a GR-MyUa |b gre |c GR-MyUa |e AACR2 | ||
| 041 | 0 | |a eng | |
| 082 | 7 | |a 384.091724 |2 (23) | |
| 100 | 1 | |a Saunders, Robert J. | |
| 245 | 1 | 0 | |a Telecommunications and economic development / |c Robert J. Saunders, Jeremy J. Warford, Bjorn Wellenius. |
| 250 | |a 2η έκδ. | ||
| 260 | |a Baltimore : |b John Hopkins University Press, |c c1994. | ||
| 300 | |a xviii, 467 σ. : |b πίν., διαγρ. ; |c 24 εκ. | ||
| 504 | |a Περιλαμβάνει βιβλιογραφικές παραπομπές και ευρετήριο. | ||
| 650 | 0 | |a Telecommunications |z Developing countries. | |
| 650 | 0 | |a Telecommunication systems |x Mathematical models. | |
| 700 | 1 | |a Warford, Jeremy J. | |
| 700 | 1 | |a Wellenius, Bjorn. | |
| 852 | |a INST |b CHIOS |c TSAMOYRGELIS |e 20190711 |h 384.091724 SAU |p 005200038849 |q 005200038849 |t BK |y 0 | ||
| 970 | |a Σπέντζα |b Ελένη |z 11-07-2019 | ||